000 00319nam a22001457a 4500
008 210526b ||||| |||| 00| 0 eng d
020 _a0845102168
041 _aeng
080 _a618
082 _a618
100 _a10
101 _aGJIN
245 _aCardiac Problems in Pregnancy
_cUri Elkayam
942 _2udc
_cBK
999 _c57622
_d57622